Movies Quiz

Random Movies or Actor Quiz

Hardy, Hanks and Cruise: A Tom Story Quiz Stats

 Plays Quiz Updated Nov 4, 2015

Support Sporcle.
Go Orange.
Score 0/25 Timer 08:00
8 Plays Today
% Correct
Top Gun
98.4%
Saving Private Ryan
95.7%
Apollo 13
94.5%
Mission Impossible
94%
Forrest Gump
91.3%
The Green Mile
85.3%
The Da Vinci Code
80.8%
Mad Max: Fury Road
80.2%
The Dark Knight Rises
73%
The Terminal
72.6%
Jerry Maguire
71.1%
Interview with the Vampire
69.8%
Sleepless in Seattle
67.8%
% Correct
Eyes Wide Shut
67.7%
Three Men and a Baby
66%
War of the Worlds
64.6%
Catch Me If You Can
63.5%
Valkyrie
60.8%
Edge of Tomorrow
47.9%
Inception
46.3%
Warrior
29%
Bronson
28.1%
This Means War
24.5%
RocknRolla
14.7%
Tinker Tailor Soldier Spy
8.5%

From the Vault

Deceased SNL Cast Members

by sproutcm

SNL itself has barely escaped the same fate on a couple of occasions.
Remove Ads.
Support Sporcle.
Get the best of Sporcle when you Go Orange. This ad-free experience offers more features, more stats, and more fun while also helping to support Sporcle. Thank you for becoming a member.

Show Comments

Extras

Top Quizzes Today


Score Distribution

Your Account Isn't Verified!

In order to create a playlist on Sporcle, you need to verify the email address you used during registration. Go to your Sporcle Settings to finish the process.

Report this User

Report this user for behavior that violates our Community Guidelines.

Details: